Estatuto del servicio civil y su reglamento (Registro nro. 10425)
[ vista simple ]
| 000 -Cabecera | |
|---|---|
| Campo de control de longitud fija | 00543nam a22002057a 4500 |
| 005 - Fecha y hora de la última transacción | |
| Campo de control | 20231124172725.0 |
| 008 - Elementos de longitud fija--Información general | |
| Campo de control de longitud fija | 180309b2017 xxu||||| |||| 00| 0 spa d |
| 041 ## - Idioma | |
| Código de idioma | Español |
| 082 ## - Clasificación Decimal Dewey | |
| Número de clasificación | 344.01 C8374e |
| 100 ## - Entrada principal--Autor personal | |
| Nombre personal | Costa Rica, leyes, decretos, etc |
| 245 ## - Título propiamente dicho | |
| Título | Estatuto del servicio civil y su reglamento |
| 260 ## - Pie de imprenta | |
| Lugar de publicación, distribución, etc. | COSTA RICA |
| 260 ## - Pie de imprenta | |
| Nombre del editor, distribuidor, etc. | PUBLICACIONES JURÍDICAS |
| 260 ## - Pie de imprenta | |
| Fecha de publicación, distribución, etc. | 2017 |
| 300 ## - Descripción física | |
| Extensión | 29 páginas |
| 650 ## - Materia general | |
| Temática (materia general) | LEYES |
| 650 ## - Materia general | |
| Temática (materia general) | ADMINISTRACIÓN PÚBLICA |
| 650 ## - Materia general | |
| Temática (materia general) | LEY DE LA CARRERA DOCENTE |
| 942 ## - Punto de acceso adicional KOHA | |
| Tipo de ítem KOHA | Libro |
| Fuente del sistema de clasificación o colocación | Dewey Decimal Classification |
| Signatura completa | Código de barras | Tipo de ítem |
|---|---|---|
| 344.01 C8374e | 22820 | Libro |
| 344.01 C8374e | 22821 | Libro |